000
00317nam a22001457a 4500
008
210310b ||||| |||| 00| 0 eng d
020
_a
2900078024220
041
_a
eng
080
_2
4th
_a
573
082
_a
573
100
_a
11
101
_a
BIO
245
_a
Essentials of Biology
_c
Mader, S. S
942
_2
udc
_c
BK
999
_c
56226
_d
56226